| 000 | 00000nam 2200000zi 4500 |
| 001 | 9.894371 |
| 003 | CaOODSP |
| 005 | 20221107173722 |
| 006 | m o d f |
| 007 | cr mn||||||||| |
| 008 | 201204t20202020onca ob f000 0 fre d |
| 020 | |a9780660368337 |
| 040 | |aCaOODSP|bfre|erda|cCaOODSP |
| 043 | |an-cn--- |
| 086 | 1 |aBT39-54/2020F-PDF |
| 245 | 00|aGuide de publication proactive des frais de voyage et d'accueil. |
| 264 | 1|aOttawa, Ontario : |bSecrétariat du Conseil du trésor du Canada = Treasury Board of Canada Secretariat, |c2020. |
| 264 | 4|c©2020 |
| 300 | |a1 ressource en ligne (17 pages non numérotées) : |billustrations en couleur |
| 336 | |atexte|btxt|2rdacontent/fre |
| 337 | |ainformatique|bc|2rdamedia/fre |
| 338 | |aressource en ligne|bcr|2rdacarrier/fre |
| 500 | |aPublié aussi en anglais sous le titre : Guide to the proactive publication of travel and hospitality expenses. |
| 500 | |a« Publié : le 2020-08-01. » |
| 500 | |aPublié aussi en format HTML. |
| 504 | |aComprend des références bibliographiques. |
| 650 | 6|aDéplacements dans l'administration publique|zCanada|xCoût. |
| 650 | 6|aHospitalité|zCanada|xCoût. |
| 650 | 6|aGouvernement ouvert|zCanada. |
| 710 | 1 |aCanada. |bConseil du trésor, |eorganisme de publication. |
| 775 | 08|tGuide to the proactive publication of travel and hospitality expenses.|w(CaOODSP)9.894370 |
| 856 | 40|qPDF|s333 Ko|uhttps://publications.gc.ca/collections/collection_2021/sct-tbs/BT39-54-2020-fra.pdf |
| 856 | 4 |qHTML|sS.O.|uhttps://www.tbs-sct.gc.ca/pol/doc-fra.aspx?id=32660 |